Responses for Show #6487 - Tuesday, November 27, 2012

Contestants

[<< previous game]

Mary Folley, a statistician from Charlotte, North Carolina

John Fausz, a bartender from St. Louis, Missouri

Lucas Peterson, an actor originally from Oak Park, Illinois (whose 1-day cash winnings total $13,900)

[next game >>]

Jeopardy! Round responses

LIONS & TIGERS & BEARS, OH MY!
CLASSIC AD SLOGANS
A BUNCH OF "S.B."
STARS OF THE OLDEN SCREEN
IN THE DICTIONARY
CITY NICKNAMES
    $200 16
black

Lucas
    $200 17
Timex

Lucas
    $200 1
a salad bar

John
    $200 22
the Hunchback of Notre Dame

Lucas
    $200 8
vacillate

John
    $200 6
rubber

Lucas
    $400 21
leo

Lucas
    $400 18
Crest (toothpaste)

Lucas
    $400 2
a sandwich board

John
    $400 23
Buster Keaton

Mary
    $400 10
sycophant

John
    $400 7
pearl

Lucas
    $600 27
(Mary: What is, um, scratching?)

roaring

Mary
Triple Stumper
    $600 19
Coca-Cola

Triple Stumper
    $600 3
sea bass

Lucas
    $600 24
Mary Pickford

Mary
    $600 13
Balderdash

John
    $600 9
lobster

Lucas
    $800 28
a Bengal tiger

Lucas
    $800 20
Meow Mix

John
    $800 4
Sitting Bull

Lucas
    $800 25
Fatty Arbuckle

Lucas
    $800 14
quaff

Lucas
    $800 11
Athens

John
    $1000 29
the Siberian tiger

John
    $1000 26
(John: What is Apple?)
(Lucas: What is... IBM?)
...
(Alex: Both of you picked really big companies. "Think small"--[*].)

Volkswagen

LucasJohn
Triple Stumper
    $1000 5
Saul Bellow

Mary
    $1000 30
Harold Lloyd

Triple Stumper
    $1000 15
yaw

Mary
    $2,000 12
(Alex: John?)
(John: [Shakes head])

Birmingham, Alabama

John

Scores at the first commercial break (after clue 15):

Lucas John Mary
$3,400 $600 $2,000

Scores at the end of the Jeopardy! Round:

Lucas John Mary
$5,400 $1,400 $2,400

Double Jeopardy! Round responses

LIONS & TIGERS & BEARS, OH MY!
(We had so much fun in that first round with lions & tigers & bears, we thought we'd do it again, but with a twist, oh my!)
WHAT HAPPENED?
"ING"LISH
(Alex: Each correct response will begin with "I-N-G".)
U.S. MEMORIALS
I WROTE THAT BESTSELLER
ANCIENT JERUSALEM
(Alex: Perhaps not as ancient as you might think - 1st C. AD from a model of Jerusalem in the Israel Museum.)
    $400 16
Refrigerator

Lucas
    $400 1
the Civil Rights Act

John
    $400 6
an ingot

Lucas
    $400 26
the Challenger & the Columbia

Mary
    $400 11
Sarah Palin

Mary
    $400 21
the Romans

John
    $800 17
Ty Cobb

Mary
    $800 2
Lisbon

John
    $800 7
an ingredient

Lucas
    $800 27
Kent State

Lucas
    $800 12
Howard Stern

Mary
    $800 22
Yom Kippur

Mary
    $1200 18
(Alex: Yes. "Me Mongo.")

Blazing Saddles

Lucas
    $1200 3
Louis XIV

Mary
    $1200 8
an ingress

Lucas
    $1200 28
the 9/11 Memorial

Lucas
    $1200 13
Tom Brokaw

Mary
    $1200 23
Hadrian

John
    $1600 19
(Justin) Verlander

Lucas
    $1600 4
the Rhine

John
    $5,000 9
ingrained

Lucas
    $2,000 29
the Maine

Lucas
    $1600 14
David McCullough

Lucas
    $1600 24
(Mary: Who were the moneylenders?
(Alex: Moneylenders?)
(Mary: Usurers?)

the money changers

Mary
Triple Stumper
    $2000 20
Brian Piccolo

Mary
    $2000 5
Leopold & Loeb

Lucas
    $2000 10
(Alex: You did well in the category, you ran it all.) [Applause]

an inglenook

Lucas
    $2000 30
Golden Gate Park

John
    $2000 15
(John: [No response])

Malcolm Gladwell

LucasJohn
    $2000 25
the Sanhedrin

Triple Stumper

Scores at the end of the Double Jeopardy! Round:

Lucas John Mary
$27,600 $5,800 $8,400
(lock game)

[wagering suggestions for these scores]

Final Jeopardy! Round responses

BILLBOARD NO. 1 ALBUMS
(Alex: I can think of three films that would've provided a fairly good choice for you.)
...
(Alex: [To John] That's one of the three, but it's not the right one.)
...
(Alex: [To Lucas] The other film that I thought of that you might've considered was King and--The King and I.)
JohnWhat is The Sound of Music?
$2,601
MaryWhat is West Side Story?
$3,201
LucasWhat is the Sound of Music?
$7,600
West Side Story

Final scores:

Lucas John Mary
$20,000 $3,199 $11,601
2-day champion: $33,900 3rd place: $1,000 2nd place: $2,000

Game dynamics:

Coryat scores:

Lucas John Mary
$23,800 $7,800 $8,400
27 R
(including 2 DDs),
1 W
14 R,
3 W
(including 1 DD)
12 R,
2 W

Combined Coryat: $40,000

[game clues] [game scores] [suggest correction]

Game tape date: 2012-08-28
The J! Archive is created by fans, for fans. Scraping, republication, monetization, and malicious use prohibited; this site may use cookies and collect identifying information. See terms. The Jeopardy! game show and all elements thereof, including but not limited to copyright and trademark thereto, are the property of Jeopardy Productions, Inc. and are protected under law. This website is not affiliated with, sponsored by, or operated by Jeopardy Productions, Inc. Join the discussion at JBoard.tv.